| 000 -LEADER |
| fixed length control field |
01308nam a2200229Ia 4500 |
| 001 - CONTROL NUMBER |
| control field |
15734 |
| 003 - CONTROL NUMBER IDENTIFIER |
| control field |
GE_BSU |
| 008 - FIXED-LENGTH DATA ELEMENTS--GENERAL INFORMATION |
| fixed length control field |
181216s||||||||xx |||||||||||||| ||und|| |
| 040 ## - CATALOGING SOURCE |
| Transcribing agency |
GE_BSU |
| 080 ## - UNIVERSAL DECIMAL CLASSIFICATION NUMBER |
| Universal Decimal Classification number |
821.353.1-32 |
| 100 ## - MAIN ENTRY--PERSONAL NAME |
| Personal name |
ხორგუაშვილი, გიორგი |
| 245 ## - TITLE STATEMENT |
| Title |
წითელი ხარი |
| 245 ## - TITLE STATEMENT |
| Remainder of title |
მოთხრობები |
| 245 ## - TITLE STATEMENT |
| Statement of responsibility, etc. |
რედ.დ.დემეტრაშვილი. მხ.კ.ფაჩულია |
| 260 ## - PUBLICATION, DISTRIBUTION, ETC. |
| Place of publication, distribution, etc. |
თბილისი |
| 260 ## - PUBLICATION, DISTRIBUTION, ETC. |
| Name of publisher, distributor, etc. |
საქართველო |
| 260 ## - PUBLICATION, DISTRIBUTION, ETC. |
| Date of publication, distribution, etc. |
1990. |
| 300 ## - PHYSICAL DESCRIPTION |
| Extent |
608 გვ. ; 20 სმ |
| 653 ## - INDEX TERM--UNCONTROLLED |
| Uncontrolled term |
ზვარაკები; ცხრაუღელა; მაღალი ღმერთი; ძუძუს ხატი; შესდექ, სატანავ; წითელი ხარი; ზედაშე; შესანდობარი; ოცდაათი ვერცხლი; წვიმაში ხარის გაგიჟება |
| 653 ## - INDEX TERM--UNCONTROLLED |
| Uncontrolled term |
საუკუნო სასჯელი; ნეფე იბუტება; ამაღლება; ძია შიოს უცნაურობანი; ცოცხალი სულები; აჩრდილები; ბერძნული თამაში; |
| 942 ## - ADDED ENTRY ELEMENTS (KOHA) |
| Koha item type |
წიგნი |